000 00592nam a2200229Ia 4500
003 OSt
005 20220927112355.0
006 a|||||r|||| 00| 0
007 ta
008 220926b |||||||| |||| 00| 0 eng d
024 _a152839
037 _cReports
040 _aRTL
_cRTL
_beng
041 _2eng
_aeng
082 _a"X428.2,W,T, K0/GD"
110 _a"India, Lok Sabha, Estimates (Committee)"
245 0 _a82 report
260 _c1960
700 _a"India, Lok Sabha, Estimates (Committee)"
942 _h"X428.2,W,T, K0/GD"
_cCC
999 _c700184
_d700184